Apolo 11 (Registo nº 1000)

Detalhes MARC
000 -Etiqueta do registo
Cabeçalho 00695nam0a2200277 i 4500
005 - Identificador da versão
Campo de controlo 20240813121821.0
021 ## - Número do Depósito Legal
Código do país PT
035 ## - Other System Control Numbers
System Control Number 0001065
System Control Number 0001048
100 ## - Dados gerais de processamento
Dados gerais de processamento 20091215d a y0pory5003 ba
102 ## - Pais de publicação ou produção
País de publicação Portugal
101 1# - Língua de publicação
Língua do texto, banda sonora, etc. Português
Língua do documento no original Inglês
106 ## - Campo de dados codificados: material textual
Dados codificados do material textual r
105 ## - Campo de dados codificados: livros
Dados codificados dos livros a z 001yy
215 ## - Descrição física 
Indicação específica da natureza do documento e extensão da espécie 29 p.
Outras indicações físicas il.
200 1# - Titulo e menção de responsabilidade
Título próprio Apolo 11
Informação de outro título viagem de ida e volta à Lua
Primeira menção de responsabilidade Carole Sott
Outras menções de responsabilidade trad. Maria João Rodrigues
205 ## - Menção da edição
Menção da edição 1ª ed.
210 ## - Publicação, Distribuição, etc. 
Lugar da edição, distribuição, etc. Rio de Mouro
Nome do editor, distribuidor, etc. Everest Editora
Data da publicação, distribuição, etc. 2009
304 ## - Notas relativas a título e menção de responsabilidade 
Texto da nota Tít. orig.: Apollo 11
675 ## - Classificação Decimal Universal (CDU)
Notação 524
Edição BN
Língua da edição por
700 #1 - Nome de autor-pessoa física (responsabilidade principal)
Número de registo de entrada de autoridade 0001345
Palavra de ordem Stott
Outra parte do nome não tomada para palavra de ordem Carole
942 ## - Elementos de entrada adicionados (Koha)
Tipo de item no Koha Livro
Exemplares
Situação do levantamento Origin of item (home branch) (coded) Biblioteca de empréstimo Código de barras Cota Circulation type (not for loan) Tipo de documento Nota do exemplar Damaged status
  Biblioteca Escolar Eng. Nuno Mergulhão Biblioteca Escolar Eng. Nuno Mergulhão BENM1752 524   Livro Sem mensagem